|
|
|
|
| LEADER |
00000nam0a2200000 4500 |
| 001 |
70999 |
| 005 |
20231031082225.0 |
| 035 |
|
|
|a (RuTPU)RU\TPU\book\75572
|
| 090 |
|
|
|a 70999
|
| 100 |
|
|
|a 20041206d2003 km y0rusy50 ca
|
| 101 |
0 |
|
|a rus
|a ger
|
| 102 |
|
|
|a RU
|
| 105 |
|
|
|a y e 001zy
|
| 200 |
1 |
|
|a Немецко-русский словарь к учебно-методическому комплексу Dialog Beruf I
|f ТПУ; сост. Н. М. Шарыпова, Г. А. Шарыпова
|
| 210 |
|
|
|a Томск
|c Изд-во ТПУ
|d 2003
|
| 215 |
|
|
|a 103 с.
|
| 320 |
|
|
|a Список сокращений: с. 103
|
| 610 |
1 |
|
|a немецкий язык
|
| 610 |
1 |
|
|a словари
|
| 610 |
1 |
|
|a лексика
|
| 610 |
1 |
|
|a учебные словари
|
| 686 |
|
|
|a Ш143.24-4
|v LBC/SL-A
|2 rubbk
|
| 702 |
|
1 |
|a Шарыпова
|b Н.М.
|g Наиля Минахметовна
|4 220
|
| 702 |
|
1 |
|a Шарыпова
|b Г. А.
|g Галлия Ахметовна
|4 220
|
| 712 |
0 |
2 |
|a Томский политехнический университет
|2 stltpush
|3 (RuTPU)RU\TPU\col\376
|
| 801 |
|
1 |
|a RU
|b 63413507
|c 20041206
|g PSBO
|
| 801 |
|
2 |
|a RU
|b 63413507
|c 20200602
|g PSBO
|
| 942 |
|
|
|c BK
|